Особенности практического использования информационной системы синтеза и автоматизации процедур внутрилабораторного контроля качества; Вестник науки Сибири; № 1 (1)
| Parent link: | Вестник науки Сибири: электронный научный журнал/ Томский политехнический университет (ТПУ).— , 2011-.— 2226-0064 № 1 (1).— 2011.— [С. 252-256] |
|---|---|
| Yazar: | |
| Diğer Yazarlar: | , |
| Özet: | Заглавие с титульного листа Продемонстрировано практическое применение разработанной ранее информационной системы синтеза и автоматизации процедур внутрилабораторного контроля качества на примере аналитических алгоритмов из соответствующей российской нормативной документации. |
| Dil: | Rusça |
| Baskı/Yayın Bilgisi: |
2011
|
| Seri Bilgileri: | Информационные технологии и системы управления |
| Konular: | |
| Online Erişim: | http://earchive.tpu.ru/handle/11683/14932 |
| Materyal Türü: | Elektronik Kitap Bölümü |
| KOHA link: | https://koha.lib.tpu.ru/cgi-bin/koha/opac-detail.pl?biblionumber=477545 |
MARC
| LEADER | 00000naa2a2200000 4500 | ||
|---|---|---|---|
| 001 | 477545 | ||
| 005 | 20240112131909.0 | ||
| 035 | |a (RuTPU)RU\TPU\prd\144305 | ||
| 035 | |a RU\TPU\prd\144304 | ||
| 090 | |a 477545 | ||
| 100 | |a 20120619d2011 k y0rusy50 ca | ||
| 101 | 0 | |a rus | |
| 102 | |a RU | ||
| 135 | |a drnn ---uucaa | ||
| 181 | 0 | |a i | |
| 182 | 0 | |a b | |
| 200 | 1 | |a Особенности практического использования информационной системы синтеза и автоматизации процедур внутрилабораторного контроля качества |f В. П. Григорьев, А. Г. Терещенко, С. В. Щелканов | |
| 203 | |a Текст |c электронный | ||
| 215 | |a 1 файл (727 Кб) | ||
| 225 | 1 | |a Информационные технологии и системы управления | |
| 300 | |a Заглавие с титульного листа | ||
| 320 | |a [Библиогр.: с. 256 (3 назв.)] | ||
| 330 | |a Продемонстрировано практическое применение разработанной ранее информационной системы синтеза и автоматизации процедур внутрилабораторного контроля качества на примере аналитических алгоритмов из соответствующей российской нормативной документации. | ||
| 337 | |a Adobe Reader | ||
| 461 | 1 | |0 (RuTPU)RU\TPU\prd\143680 |x 2226-0064 |t Вестник науки Сибири |o электронный научный журнал |f Томский политехнический университет (ТПУ) |d 2011- | |
| 463 | 1 | |0 (RuTPU)RU\TPU\prd\143681 |t № 1 (1) |v [С. 252-256] |d 2011 | |
| 610 | 1 | |a лабораторные информационно-управляющие системы | |
| 610 | 1 | |a внутрилабораторный контроль | |
| 610 | 1 | |a алгоритмы | |
| 610 | 1 | |a автоматизация | |
| 610 | 1 | |a труды учёных ТПУ | |
| 610 | 1 | |a электронный ресурс | |
| 675 | |a 004.021 |v 3 | ||
| 700 | 1 | |a Григорьев |b В. П. |c математик |c профессор Томского политехнического университета, доктор физико-математических наук |f 1941- |g Владимир Петрович |3 (RuTPU)RU\TPU\pers\18595 | |
| 701 | 1 | |a Терещенко |b А. Г. |c химик-технолог |c заведующий лабораторией Томского политехнического университета, кандидат технических наук |f 1946- |g Анатолий Георгиевич |3 (RuTPU)RU\TPU\pers\25305 |9 11303 | |
| 701 | 1 | |a Щелканов |b С. В. |c специалист в области проектирования и разработки корпоративных информационных систем |c инженер-программист Томского политехнического университета, аспирант |f 1985- |g Сергей Владимирович |3 (RuTPU)RU\TPU\pers\27094 | |
| 801 | 1 | |a RU |b 63413507 |c 20090623 |g PSBO | |
| 801 | 2 | |a RU |b 63413507 |c 20180116 |g PSBO | |
| 856 | 4 | |u http://earchive.tpu.ru/handle/11683/14932 | |
| 942 | |c BK | ||